[Event "Charleroi op"]
[Site "Roux"]
[Date "2023.08.03"]
[Round "7"]
[White "Hoffmeister, Frank"]
[Black "Barbier, Wim"]
[Result "1-0"]
[WhiteElo "2168"]
[BlackElo "2080"]
[PlyCount "71"]
[EventDate "2023.07.29"]
[EventType "swiss"]
[EventRounds "9"]
[EventCountry "BEL"]
[SourceTitle "CBM 215 Extra"]
[Source "ChessBase"]
[SourceDate "2023.09.30"]
[SourceVersion "1"]
[SourceVersionDate "2023.09.30"]
[SourceQuality "1"]

1. d4 d6 2. Nf3 Nf6 3. c4 Nbd7 4. Nc3 e5 5. e4 Be7 6. Be2 0-0 7. 0-0 c6 8. Be3 Re8 9. d5 a6 10. Qc2 Qc7 11. Rfc1 c5 12. Ne1 Nf8 13. a3 Ng6 14. f3 Nh5 15. b4 b6 16. Rab1 Nhf4 17. Bf1 Bg5 18. Qd2 h6 19. Kh1 Qe7 20. a4 Nh5 21. a5 cxb4 22. Rxb4 bxa5 23. Rb6 Qd8 24. Rcb1 Ra7 25. c5 dxc5 26. Na4 Nf8 27. Nxc5 Nd7 28. Nxd7 Bxe3 29. Qxe3 Qxd7 30. Qa3 Qd8 31. Qxa5 Qh4 32. Kg1 f5 33. Qc5 fxe4 34. Rb8 e3 35. Nd3 Qe7 36. Rxc8 1-0

[Event "Charleroi op"]
[Site "Charleroi"]
[Date "2018.08.03"]
[Round "8"]
[White "Hoffmeister, Frank"]
[Black "Klinova, Masha"]
[Result "1/2-1/2"]
[WhiteElo "2170"]
[BlackElo "2298"]
[PlyCount "40"]
[EventDate "2018.07.28"]
[EventType "swiss"]
[EventRounds "9"]
[EventCountry "BEL"]
[SourceTitle "CBM 185 Extra"]
[Source "ChessBase"]
[SourceDate "2018.07.29"]
[SourceVersion "1"]
[SourceVersionDate "2018.07.29"]
[SourceQuality "1"]

1. d4 d6 2. e4 g6 3. Nc3 Bg7 4. Be2 Nc6 5. Be3 Nf6 6. h4 h5 7. Nf3 0-0 8. 0-0 Bg4 9. d5 Bxf3 10. Bxf3 Ne5 11. Be2 c6 12. dxc6 bxc6 13. Bd4 Neg4 14. Bxg4 Nxg4 15. Bxg7 Kxg7 16. Qd2 Qb6 17. b3 Rad8 18. Rae1 e5 19. Kh1 Qc7 20. f3 Nf6 1/2-1/2

[Event "Charleroi op"]
[Site "Charleroi"]
[Date "2016.08.03"]
[Round "6"]
[White "Okhotnik, Vladimir"]
[Black "Hoffmeister, Frank"]
[Result "1-0"]
[WhiteElo "2454"]
[BlackElo "2165"]
[PlyCount "151"]
[EventDate "2016.07.30"]
[EventType "swiss"]
[EventRounds "9"]
[EventCountry "BEL"]
[SourceTitle "CBM 173 Extra"]
[Source "ChessBase"]
[SourceDate "2016.08.29"]
[SourceVersion "1"]
[SourceVersionDate "2016.08.29"]
[SourceQuality "1"]

1. e4 c6 2. Nf3 d5 3. Nc3 Bg4 4. h3 Bxf3 5. Qxf3 Nf6 6. d4 dxe4 7. Qe3 Nbd7 8. Nxe4 Nxe4 9. Qxe4 Nf6 10. Qd3 e5 11. dxe5 Qa5+ 12. Bd2 Qxe5+ 13. Qe2 Qxe2+ 14. Bxe2 Bc5 15. Bd3 0-0 16. 0-0 Bd4 17. Rfe1 Rfe8 18. Rad1 g6 19. c3 Bb6 20. Bh6 Rad8 21. Bc4 Rxe1+ 22. Rxe1 Re8 23. Rxe8+ Nxe8 24. Kf1 Nd6 25. Bd3 f6 26. h4 Kf7 27. Bc2 Ke7 28. Ke2 Nf7 29. Bc1 f5 30. Bb3 Kf6 31. Bf4 Bc5 32. a4 Bd6 33. Be3 b6 34. a5 Bc7 35. a6 c5 36. g3 Bd6 37. Bd5 Ne5 38. Bg5+ Kg7 39. Bd8 Bb8 40. Bg5 Bc7 41. Bd2 Bd6 42. b3 Bc7 43. b4 Bd6 44. Bb7 Kf6 45. Bd5 Kg7 46. f4 Ng4 47. Kd3 Kf8 48. Kc4 Ke7 49. Bf3 cxb4 50. cxb4 Ke6 51. Bxg4 fxg4 52. Be3 Bc7 53. Bd4 h6 54. Bf2 Bd8 55. b5 Bc7 56. Kd4 Bd6 57. Ke4 Bc7 58. Bd4 Bb8 59. Be5 Bd6 60. Bxd6 Kxd6 61. f5 gxf5+ 62. Kxf5 Kc5 63. Kg6 Kxb5 64. Kxh6 Kxa6 65. Kg5 b5 66. Kf4 b4 67. Ke3 Kb5 68. Kd2 Kc4 69. h5 Kb3 70. h6 Ka2 71. h7 b3 72. h8Q b2 73. Qg8+ Ka1 74. Qg7 Ka2 75. Qxa7+ Kb1 76. Kc3 1-0

[Event "Charleroi TIPC op 14th"]
[Site "Charleroi"]
[Date "2015.08.04"]
[Round "5"]
[White "Hoffmeister, Frank"]
[Black "Jognery, Lionel"]
[Result "1-0"]
[WhiteElo "2215"]
[BlackElo "1962"]
[PlyCount "75"]
[EventDate "2015.08.01"]
[EventType "swiss"]
[EventRounds "9"]
[EventCountry "BEL"]
[SourceTitle "EXT 2018"]
[Source "ChessBase"]
[SourceDate "2017.10.13"]
[SourceVersion "1"]
[SourceVersionDate "2017.10.13"]
[SourceQuality "1"]

1. d4 d5 2. c4 c6 3. Nf3 Nf6 4. Qc2 dxc4 5. e4 Bg4 6. Be3 e6 7. Bxc4 Nbd7 8. Nbd2 Be7 9. 0-0 0-0 10. Bd3 h6 11. a3 Rc8 12. h3 Bxf3 13. Nxf3 c5 14. Qe2 cxd4 15. Bxd4 Bc5 16. Bxf6 Qxf6 17. e5 Qf4 18. Kh1 Bb6 19. g3 Qa4 20. Bb5 Qb3 21. Bxd7 Rc2 22. Qe4 Rc4 23. Nd2 Rxe4 24. Nxb3 Rd8 25. Rad1 a6 26. Nc1 Kf8 27. b4 Rxe5 28. Kg2 a5 29. bxa5 Rxa5 30. a4 Rf5 31. f4 g5 32. Ne2 Ke7 33. Bb5 gxf4 34. Rxd8 Bxd8 35. Rxf4 Rxf4 36. Nxf4 Kf6 37. Kf3 Ke5 38. Be8 1-0

[Event "Maastricht Limburg op-A 9th"]
[Site "Maastricht"]
[Date "2015.05.24"]
[Round "4"]
[White "Hoffmeister, Frank"]
[Black "Van Veen, Oscar"]
[Result "0-1"]
[WhiteElo "2231"]
[BlackElo "2265"]
[PlyCount "69"]
[EventDate "2015.05.22"]
[EventType "swiss"]
[EventRounds "7"]
[EventCountry "NED"]
[SourceTitle "CBM 166 Extra"]
[Source "ChessBase"]
[SourceDate "2015.06.18"]
[SourceVersion "1"]
[SourceVersionDate "2015.06.18"]
[SourceQuality "1"]

1. d4 d5 2. c4 e6 3. Nf3 Nf6 4. g3 Be7 5. Bg2 0-0 6. 0-0 Nbd7 7. Qc2 c6 8. Rd1 b6 9. b3 Ba6 10. Nbd2 Rc8 11. Bb2 c5 12. Rac1 cxd4 13. Nxd4 Bc5 14. Qb1 e5 15. Nf5 g6 16. Nh4 Ng4 17. e3 e4 18. h3 Nxf2 19. Kxf2 f5 20. b4 Bxb4 21. Bf1 f4 22. exf4 Rxf4+ 23. Ndf3 Rxf3+ 24. Nxf3 Bc5+ 25. Nd4 Qf6+ 26. Kg2 Rf8 27. Qc2 Ne5 28. Qd2 dxc4 29. Bc3 Nd3 30. Bxd3 exd3 31. Rf1 Bb7+ 32. Kh2 Qxf1 33. Rxf1 Rxf1 34. Nf3 Bxf3 35. g4 0-1

[Event "Charleroi op"]
[Site "Charleroi"]
[Date "2014.07.28"]
[Round "3"]
[White "Gleizerov, Evgeny"]
[Black "Hoffmeister, Frank"]
[Result "1-0"]
[WhiteElo "2549"]
[BlackElo "2215"]
[PlyCount "113"]
[EventDate "2014.07.26"]
[EventType "swiss"]
[EventRounds "9"]
[EventCountry "BEL"]
[SourceTitle "EXT 2015"]
[Source "ChessBase"]
[SourceDate "2014.11.20"]
[SourceVersion "1"]
[SourceVersionDate "2014.11.20"]
[SourceQuality "1"]

1. d4 Nf6 2. c4 g6 3. Nc3 d5 4. cxd5 Nxd5 5. Bd2 Bg7 6. e4 Nxc3 7. Bxc3 0-0 8. Rc1 c5 9. dxc5 Qxd1+ 10. Kxd1 Bh6 11. Bd2 Rd8 12. Nf3 Bg4 13. Ke1 Bxf3 14. Bxh6 Bxe4 15. f3 Bd5 16. a3 Nc6 17. b4 e5 18. Kf2 Nd4 19. Bg5 Re8 20. Bc4 Bxc4 21. Rxc4 a5 22. Re1 axb4 23. axb4 Kg7 24. Kf1 Ne6 25. Bh4 f6 26. b5 Rac8 27. Bf2 Kf7 28. Ra1 Ra8 29. Rca4 Rxa4 30. Rxa4 Rc8 31. c6 Nd8 32. Ra7 Ke8 33. Bc5 Nxc6 34. bxc6 Rxc6 35. Be3 Rc7 36. Ke2 Rc2+ 37. Bd2 Rb2 38. Kd3 Kf7 39. Ra4 Rb6 40. Rc4 Rd6+ 41. Ke3 Rd7 42. Rb4 h5 43. h4 Ke6 44. g4 hxg4 45. fxg4 Kd5 46. Rb6 Rf7 47. g5 fxg5 48. hxg5 Rh7 49. Rxg6 Rh3+ 50. Ke2 Ke4 51. Rh6 Rg3 52. Rh4+ Kf5 53. Rb4 Rg2+ 54. Kd3 b6 55. Be3 Rg3 56. Rxb6 e4+ 57. Kd4 1-0

[Event "Brussels FEFB-ch"]
[Site "Brussels"]
[Date "2012.05.19"]
[Round "5"]
[White "Hoffmeister, Frank"]
[Black "Werner, Yvan"]
[Result "1-0"]
[WhiteElo "2212"]
[BlackElo "2074"]
[PlyCount "109"]
[EventDate "2012.05.17"]
[EventType "swiss"]
[EventRounds "7"]
[EventCountry "BEL"]
[SourceTitle "EXT 2014"]
[Source "ChessBase"]
[SourceDate "2013.11.20"]
[SourceVersion "1"]
[SourceVersionDate "2013.11.20"]
[SourceQuality "1"]

1. d4 Nf6 2. c4 g6 3. Nc3 d5 4. Nf3 Bg7 5. Bf4 0-0 6. e3 c5 7. dxc5 Qa5 8. Rc1 dxc4 9. Bxc4 Qxc5 10. Bb3 Nc6 11. 0-0 Qh5 12. h3 Bf5 13. Qe2 Rad8 14. e4 Bc8 15. e5 Nd7 16. e6 fxe6 17. Bc7 Rde8 18. Bxe6+ Kh8 19. Bg4 Qh6 20. Rcd1 e6 21. Ne4 Nf6 22. Bd6 Nxg4 23. Bxf8 Rxf8 24. hxg4 e5 25. Nh2 Nd4 26. Qe3 Qh4 27. Qg5 Qxg5 28. Nxg5 Bh6 29. Ne4 Be6 30. Nc3 Bc4 31. Rfe1 Bg7 32. Re3 Re8 33. Kh1 Rf8 34. Nf3 Nc6 35. Rd6 Re8 36. Re4 Be6 37. Ng5 Bc8 38. Nb5 Bf8 39. Rd3 Kg7 40. Nc7 Re7 41. Nd5 Re8 42. Nxh7 Bc5 43. Nhf6 Rf8 44. g5 Bf5 45. Rh4 Rh8 46. Rxh8 Kxh8 47. Rb3 b6 48. g4 Be6 49. Rh3+ Kg7 50. Rh7+ Kf8 51. Kg2 a5 52. b3 e4 53. Nc7 Bf7 54. Nxe4 Bd4 55. Nf6 1-0

[Event "Hessenliga 0809"]
[Site "Germany"]
[Date "2008.09.28"]
[Round "2.1"]
[White "Schaffer, Hendrik"]
[Black "Hoffmeister, Frank"]
[Result "0-1"]
[WhiteElo "2265"]
[BlackElo "2198"]
[PlyCount "88"]
[EventDate "2008.09.14"]
[EventType "team-tourn"]
[EventRounds "9"]
[EventCountry "GER"]
[SourceTitle "EXT 2011"]
[Source "ChessBase"]
[SourceDate "2010.11.26"]
[SourceVersion "1"]
[SourceVersionDate "2010.11.26"]
[SourceQuality "1"]
[WhiteTeam "Neuberg"]
[BlackTeam "Eppstein"]
[WhiteTeamCountry "GER"]
[BlackTeamCountry "GER"]

1. d4 d5 2. c4 c6 3. Nf3 Nf6 4. Nc3 dxc4 5. a4 Bf5 6. Nh4 Bc8 7. Nf3 Bf5 8. Nh4 Bc8 9. e3 e5 10. dxe5 Qxd1+ 11. Nxd1 Bb4+ 12. Bd2 Bxd2+ 13. Kxd2 Ne4+ 14. Ke2 Be6 15. f4 Na6 16. Nc3 Nac5 17. Nxe4 Nxe4 18. f5 Bd5 19. Rg1 0-0-0 20. g4 c3 21. bxc3 Nxc3+ 22. Kd3 Ne4 23. Bg2 Nc5+ 24. Ke2 Bc4+ 25. Kf3 Rhe8 26. Bf1 Bxf1 27. Rgxf1 Rxe5 28. Ra3 Rd3 29. Rxd3 Nxd3 30. Rd1 Nb2 31. Ra1 Ra5 32. Ra2 Nc4 33. e4 b5 34. Kf4 Rxa4 35. Rc2 f6 36. g5 Nd6 37. gxf6 gxf6 38. Kf3 Kd7 39. Rd2 Ke7 40. Ng6+ hxg6 41. fxg6 Nxe4 42. Rd7+ Kxd7 43. g7 Nd2+ 44. Kg3 f5 0-1